000 00938nam a2200265 4500
001 153757
003 ES-MaACL
005 20250827062631.0
008 950303s1830 sp l |||| | spa d
040 _aEUS
_bspa
_cEUS
080 _a347.7(46)"18"(094.5)
110 1 _aEspaña
_93622
240 1 0 _a[Ley de enjuiciamiento sobre los negocios y causas de gobierno (
_d1830])
245 1 0 _aLey de enjuiciamiento sobre los negocios y causas de comercio
_b: decretada, sancionada y promulgada en 24 de julio de 1830.
250 _aEd. oficial.
260 _a[Madrid] :
_b[s.n.],
_c1830 (
_fEn la Oficina de D. León Amarita)
300 _a188, [2] p. ;
_c21 cm.
597 _aSignaturizado.
597 _aAntep.
597 _aPort con esc. real.
650 0 4 _aDerecho mercantil-
_zEspaña
_911735
852 _aES-MaACL
_jB-7350
_z-- Enc. pasta
852 _aES-MaACL
_jC-2950
_z-- Enc. pasta
999 _c153757
_d153757